000 00288nam a22001337a 4500
008 170405b xxu||||| |||| 00| 0 eng d
020 _a9780316738644
041 _aeng
080 _23RD
_a616.15
100 _a9
101 _aSHM
245 _aHEMATOLOGY
_cROBINSON, S.H
942 _2udc
_cBK
999 _c9876
_d9876